书目信息 |
| 题名: |
半知一解
|
|
| 作者: | 孟云剑 著 ;李珺 插画 | |
| 分册: | ||
| 出版信息: | 北京 作家出版社 2005.08 |
|
| 页数: | 283页 | |
| 开本: | 21cm | |
| 丛书名: | ||
| 单 册: | ||
| 中图分类: | B-49 | |
| 科图分类: | ||
| 主题词: | 哲学--zhe xue--通俗读物 | |
| 电子资源: | ||
| ISBN: | 7-5063-3354-6 | |
| 000 | 00991nam0 2200265 450 | |
| 001 | 012006515030 | |
| 005 | 20060925162024.18 | |
| 010 | @a7-5063-3354-6@dCNY19.00 | |
| 100 | @a20060825d2005 km y0chiy0120 ea | |
| 101 | 0 | @achi |
| 102 | @aCN@b110000 | |
| 105 | @aa z 001yy | |
| 200 | 1 | @a半知一解@Aban zhi yi jie@e世界经典趣味哲学@f孟云剑著@Fmeng yun jian zhu@g李珺插画@Gli jun cha hua |
| 210 | @a北京@c作家出版社@d2005.08 | |
| 215 | @a283页@c图@d21cm | |
| 314 | @a孟云剑,北大哲学系研究生毕业。著有《非是非非-世界经典趣味悖论》。 | |
| 320 | @a有索引 (第281-283页)。 | |
| 330 | @a本书将古希腊以及中国古代开始的艰深奥涩的哲学思想,化解成一个个意趣盎然的故事,既不失哲学的原味,又让你将哲学思维化为强有力的分析思考能力。 | |
| 517 | 1 | @a世界经典趣味哲学@Ashi jie jing dian qu wei zhe xue |
| 606 | 0 | @a哲学@Azhe xue@j通俗读物 |
| 690 | @aB-49@v4 | |
| 701 | 0 | @a孟云剑@Ameng yun jian@4著 |
| 702 | 0 | @a李珺@Ali jun@4插画 |
| 801 | 0 | @aCN@bQSSK@c20060925 |
| 905 | @a10447@dB-49@eM627 | |
| 半知一解:世界经典趣味哲学/孟云剑著/李珺插画.-北京:作家出版社,2005.08 |
| 283页:图;21cm |
| ISBN 7-5063-3354-6:CNY19.00 |
| 本书将古希腊以及中国古代开始的艰深奥涩的哲学思想,化解成一个个意趣盎然的故事,既不失哲学的原味,又让你将哲学思维化为强有力的分析思考能力。 |
| ● |
| 相关链接 |
|
|
|
正题名:半知一解
索取号:B-49/M627
 
预约/预借
| 序号 | 登录号 | 条形码 | 馆藏地/架位号 | 状态 | 备注 |
| 1 | 220723 | 202207236 | 社科库509/509社科库 6排3列3层/ [索取号:B-49/M627] | 在馆 | |
| 2 | 220724 | 202207245 | 社科库509/509社科库 6排3列3层/ [索取号:B-49/M627] | 在馆 |